| 000 | 00701cab a2200241 4500 | ||
|---|---|---|---|
| 001 | ABS59397 | ||
| 008 | 090401t1998 xxu||||| |||| 00| 0 eng d | ||
| 035 | _a(Sirsi) u89469 | ||
| 041 | _aeng | ||
| 245 | _aCost model | ||
| 260 | _c1998 | ||
| 350 | _a0 | ||
| 490 |
_aBuilding _v263(8062) 30 October 1998, 78-85(8) |
||
| 520 | _aExamines design and cost issues for refurbishment of shopping centres. | ||
| 650 | _aBUILT ENVIRONMENT-BUILDING COSTS | ||
| 650 | _aCOST MODEL | ||
| 650 | _aDESIGN ISSUES | ||
| 650 | _aBUILT ENVIRONMENT-BUILDING MAINTENANCE AND REFURBISHMENT | ||
| 650 | _aSHOPPING CENTRES | ||
| 690 | _aBUILT ENVIRONMENT-BUILDING COSTS | ||
| 942 | _n0 | ||
| 948 | _c04/11/1998 | ||
| 999 |
_c56608 _d56608 |
||